| 000 | 01278cam a2200349 i 4500 | ||
|---|---|---|---|
| 001 | zz2002972479 | ||
| 003 | NUKAT | ||
| 005 | 20260321202702.0 | ||
| 008 | 021202s1912 pl 2 |000 0 pol c | ||
| 035 | _a(OCoLC)749515896 | ||
| 035 | _a(NUKAT)zz2002972479 | ||
| 040 |
_aGD U/TZ _bpol _erda _cGD U/TZ _dGD U/TZ _dGD U/KMs _dOLSZT 008/AL |
||
| 100 | 1 |
_aChołoniewski, Antoni _d(1872-1924). _eAutor _935896 |
|
| 245 | 1 | 0 |
_aNad morzem polskiem / _cAntoni Chołoniewski. |
| 246 | 3 | _aNad morzem polskim | |
| 260 |
_aWarszawa : _b[wydawca nieznany], _c1912 _e(Warszawa : _fDruk A. Pęczalskiego i K. Marszałkowskiego). |
||
| 300 |
_a53 strony ; _c20 cm. |
||
| 336 |
_aTekst _btxt _2rdacontent |
||
| 337 |
_aBez urządzenia pośredniczącego _bn _2rdamedia |
||
| 338 |
_aWolumin _bnc _2rdacarrier |
||
| 380 | _aKsiążki | ||
| 500 | _aOdbitka ze "Świata". | ||
| 650 | 7 |
_aWybrzeża _2DBN _938414 |
|
| 651 | 7 |
_aBałtyk (morze) _2DBN _938303 |
|
| 651 | 7 |
_aKaszuby _2DBN _937663 |
|
| 651 | 7 |
_aPomorze Zachodnie _2DBN _936839 |
|
| 651 | 7 |
_aPomorze Gdańskie (Polska ; region) _xhistoria. _2kaba _91414 |
|
| 655 | 7 |
_aNadbitki i odbitki _2DBN _938727 |
|
| 658 | _aHistoria | ||
| 710 | 2 |
_aDrukarnia A. Pęczalskiego i K. Marszałkowskiego (Warszawa). _eDruk _4prt _938728 |
|
| 942 |
_2ddc _cBK_NM |
||
| 999 |
_c27214 _d27214 |
||